000 00366nam a22001097a 4500
999 _c6957
_d6957
008 200408b ||||| |||| 00| 0 eng d
245 _aTanzania in Figures 2009/
_cMinistry of Finance and Economic Affairs,
_hEnglish.
260 _aDar Es Salaam:
_bNational Bureau of Statistics,
_c2010.
300 _av, 47p;
_bTables,
_c15cm.-
650 _2STATISTICS
942 _2ddc
_cBOOKS